000 00332nam a2200121Ia 4500
008 150202s9999 xx 000 0 und d
050 _aFIC
_bFIC
100 _aFoster, Alan Dean.
245 _aMidworld /
_cAlan Dean Foster.
260 _aNew York :
_bBallantine Books,
_c1975.
300 _a213 pages :
_c18 cm.
650 _aFiction.
999 _c282051
_d282051